000 00841nam a2200193 a 4500
001 000016655
005 20240229073828.0
008 100308s1986 dr a r 001 0 spa d
040 _aDO-SdBNP
_bspa
_cBNPHU
082 _axxxx
_bR426p
110 1 _aRepública Dominicana
_bCorporación Dominicana de Electricidad
_937001
240 1 3 _a[Leyes, etc.]
245 1 0 _aProntuario jurídico de la Corporación Dominicana de Electricidad 1877 - 1985 /
_ccompilado y actualizado por Ana María Méndez, Liriz Zorrilla de Menendez ; introducción Raymundo Amaro Guzmán.
260 _aSanto Domingo :
_bCorporación Dominicana de Electricidad,
_c1986.
_fDe Colores
300 _a219 p. :
_bil. ;
_c23 cm.
700 1 _aMéndez, Ana María,
_ecomp.
_937002
700 1 _aZorrilla de Menendez, Liriz,
_ecomp.
_937003
700 1 _aAmaro Guzmán, Raymundo
_9656
999 _c16188
_d16188